| 000 | 00000nam##2200000za#4500 |
| 001 | 9.643299 |
| 003 | CaOODSP |
| 005 | 20210624224114 |
| 007 | cr ||||||||||| |
| 008 | 150407|1986||||xxc|||||o f|0| 0 fre|d |
| 040 | |aCaOODSP|bfre |
| 043 | |an-cn--- |
| 086 | 1 |aEn108-4/71-1986-2F-PDF |
| 110 | 1 |aCanada.|bConseil canadien des ministres de l'environnement. |
| 245 | 13|aLa lutte contre les BPC : |h[ressource électronique]|bla gestion des BPC au Canada / |c[publ. par] Conseil canadien des ministres des ressources et de l'environnement. |
| 260 | |aToronto - Ontario : |bConseil canadien des ministres de l'environnement |c[1986]. |
| 300 | |a2p. |
| 500 | |a«Deuxième de la série»--p.1 de 2. |
| 590 | |a14-21-Supp|b2014-12-11 |
| 691 | 07|aDéchets dangereux|2gcpds |
| 775 | 08|tControlling PCBs : |w(CaOODSP)9.699312 |
| 856 | 40|ahttp://publications.gc.ca|qPDF|s1.77 Mo|uhttps://publications.gc.ca/collections/collection_2014/ec/En108-4-71-1986-2-fra.pdf |